Berechnung statischer Systeme. Band 1 /

Salvato in:
Dettagli Bibliografici
Autore principale: Nagel, Kurt (Autore)
Natura: Libro
Lingua:tedesco
Pubblicazione: Berlin : VEB Verlag Technik, 1954
Soggetti:
Tags: Aggiungi Tag
Nessun Tag, puoi essere il primo ad aggiungerne!!

MARC

LEADER 00000nam a22000003a 4500
001 stu39645
005 20150617225726.1
008 930219s1954----gw------------------ger-d
040 |a STU  |b slo 
041 0 |a ger 
044 |a gw 
080 |a 624.04  |7 stu_us_auth*stu16857 
100 1 |a Nagel, Kurt  |4 aut 
245 1 |a Berechnung statischer Systeme. Band 1 /  |c [aut.]Kurt Nagel 
260 |a Berlin :  |b VEB Verlag Technik,  |c 1954 
300 |a 492 s 
650 7 |a konštrukcie  |2 stusub 
650 7 |a výpočty štatistické  |2 stusub 
996 |b 284M062129  |c M*1227/1-1  |l MMKN  |s A  |a 24  |w stu39645_0001